Ochrana prevádzky v pokročilých pasívnych optických sieťach WDM-PON
Na minha lista:
| Autor principal: | |
|---|---|
| Outros Autores: | |
| Formato: | Manuscrito Livro |
| Idioma: | eslovaco |
| Publicado em: |
Bratislava :
STU v Bratislave FEI,
2025
|
| Assuntos: | |
| Acesso em linha: | https://opac.crzp.sk/?fn=detailBiblioFormChildI4C1O&sid=BA75C2D62745AD5727E9909ED92F&seo=CRZP-detail-kniha |
| Tags: |
Sem tags, seja o primeiro a adicionar uma tag!
|
MARC
| LEADER | 00000ntm a22000003a 4500 | ||
|---|---|---|---|
| 001 | stuzp102106 | ||
| 003 | SK-STU | ||
| 005 | 20260206100859.7 | ||
| 007 | ta | ||
| 008 | 150427s2015----xo-----f-mn---000-0-slo-d | ||
| 040 | |a STU |b slo | ||
| 041 | 0 | |a slo | |
| 044 | |a xo | ||
| 100 | 1 | |a Mesároš, Martin |u 037000 |4 aut |U FEI Fakulta elektrotechniky a informatiky |T FEI Ústav multimediálnych informačných a komunikačných technológií |X 122468 |U E070 |Y 818 |7 122468 | |
| 242 | 0 | 1 | |a Traffic Protection in Advanced WDM-PON Passive Optical Networks |y eng |
| 245 | 1 | 0 | |a Ochrana prevádzky v pokročilých pasívnych optických sieťach WDM-PON |
| 260 | |a Bratislava : |b STU v Bratislave FEI, |c 2025 | ||
| 300 | |a 46 s. | ||
| 650 | 4 | |a WDM-PON |2 slo | |
| 650 | 4 | |a pasívne optické siete |2 slo | |
| 650 | 4 | |a AWG |2 slo | |
| 650 | 4 | |a ochrana prevádzky |2 slo | |
| 650 | 4 | |a MATLAB |2 slo | |
| 650 | 4 | |a Simulink |2 slo | |
| 650 | 4 | |a WDM-PON |2 eng | |
| 650 | 4 | |a Passive Optical Networks |2 eng | |
| 650 | 4 | |a AWG |2 eng | |
| 650 | 4 | |a traffic protection |2 eng | |
| 650 | 4 | |a MATLAB |2 eng | |
| 650 | 4 | |a Simulink |2 eng | |
| 700 | 1 | |a Róka, Rastislav |u 037000 |k Z1 |4 ths |U FEI Fakulta elektrotechniky a informatiky |T FEI Ústav multimediálnych informačných a komunikačných technológií |X 1946 |U E070 |Y 818 |7 A000001946 | |
| 856 | 4 | |u https://opac.crzp.sk/?fn=detailBiblioFormChildI4C1O&sid=BA75C2D62745AD5727E9909ED92F&seo=CRZP-detail-kniha | |